Pacto - Jay Wheeler, Dei V, Hades66, Luar La L - Estadísticas

Estadísticas generales
  • Esta prueba ha sido intentada 31 veces
  • La puntuación promedio es 321 de 788
Estadísticas de respuestas
Letra % Correcto
a
100%
el
83%
l
83%
te
83%
Te
83%
un
83%
Chingando
67%
con
67%
contact
67%
di
67%
es
67%
Es
67%
G
67%
ni
67%
Ni
67%
no
67%
No
67%
o
67%
pa
67%
Pa
67%
pacto
67%
pero
67%
Pero
67%
67%
Si
67%
si
67%
su
67%
tenemo
67%
to
67%
y
67%
Y
67%
adicto
50%
como
50%
cómo
50%
da
50%
Ella
50%
ella
50%
esto
50%
foto
50%
guardé
50%
hi
50%
historia
50%
la
50%
La
50%
le
50%
Le
50%
like
50%
Llevas
50%
me
50%
Me
50%
pasto
50%
perdía
50%
que
50%
qué
50%
Que
50%
se
50%
Se
50%
secreto
50%
sigue
50%
sube
50%
tengo
50%
Tengo
50%
ti
50%
una
50%
abajo
33%
Agarrarte
33%
agarro
33%
Ahora
33%
ahora
33%
aprieto
33%
así
33%
barrio
33%
bebé
33%
bellaquera
33%
cara
33%
chingar
33%
contacto
33%
cuando
33%
cuello
33%
culo
33%
dar
33%
de
33%
De
33%
decide
33%
dejo
33%
del
33%
diablo
33%
diario
33%
días
33%
doy
33%
dura
33%
en
33%
En
33%
esa
33%
ese
33%
Ese
33%
eso
33%
está
33%
Está
33%
esta
33%
Estoy
33%
estoy
33%
factura
33%
follow
33%
fresco
33%
gusta
33%
haga
33%
hueco
33%
incauto
33%
jalarte
33%
las
33%
llama
33%
lo
33%
los
33%
Ma
33%
mami
33%
más
33%
memoria
33%
meto
33%
mi
33%
mil
33%
mile
33%
moja
33%
movie
33%
moviendo
33%
nunca
33%
Oye
33%
pelo
33%
Pon
33%
pone
33%
por
33%
Por
33%
puso
33%
puta
33%
quiere
33%
Quiero
33%
quite
33%
repetir
33%
rico
33%
screenshots
33%
seco
33%
Siempre
33%
siempre
33%
tiempo
33%
tiene
33%
totito
33%
toto
33%
33%
33%
tu
33%
va
33%
vaya
33%
ve
33%
Ve
33%
veo
33%
volverte
33%
ya
33%
Ya
33%
yo
33%
Yo
33%
abuela
17%
Acura
17%
adentro
17%
al
17%
allá
17%
Auto
17%
auto
17%
Avísame
17%
bajo
17%
beauty
17%
Bebecita
17%
bestie
17%
bobos
17%
booty
17%
borrachera
17%
brincar
17%
Call
17%
carril
17%
chingamo
17%
code
17%
coger
17%
Concha
17%
confetti
17%
dedo
17%
dentro
17%
desbaratar
17%
desbloqueé
17%
despué
17%
detrás
17%
diez
17%
Dile
17%
dime
17%
dónde
17%
Duty
17%
Embassy
17%
estos
17%
flow
17%
frontéale
17%
fue
17%
fuese
17%
grabarte
17%
Grand
17%
hablen
17%
hago
17%
inventé
17%
iPhone
17%
jangueo
17%
kilo
17%
lama
17%
llegar
17%
mai
17%
Nos
17%
odia
17%
Of
17%
pasa
17%
perico
17%
pongo
17%
puede
17%
punto
17%
pura
17%
quince
17%
recojo
17%
regla
17%
rompemo
17%
saliendo
17%
semanal
17%
Son
17%
soy
17%
Theft
17%
toda
17%
toíta
17%
toque
17%
traspaso
17%
trasteo
17%
tus
17%
vemo
17%
vengo
17%
venir
17%
verdad
17%
voy
17%
adorno
0%
adrede
0%
adrenalina
0%
alegre
0%
Aquafina
0%
aro
0%
arreglé
0%
autorizó
0%
bicho
0%
blanquita
0%
canal
0%
capota
0%
Compramo
0%
condo
0%
condom
0%
conmigo
0%
cuero
0%
despeluzarla
0%
Después
0%
Dice
0%
drive
0%
driver
0%
droga
0%
emoji
0%
entrar
0%
escupo
0%
este
0%
Este
0%
fallo
0%
fetty
0%
Fina
0%
Fritzos
0%
gaste
0%
gateo
0%
gotas
0%
grabamo
0%
graduó
0%
grande
0%
groupie
0%
hair
0%
hard
0%
hice
0%
hollow
0%
hundred
0%
Ice
0%
Interdrive
0%
inyecto
0%
je
0%
Jeje
0%
juqueá
0%
jurá
0%
llegue
0%
llenamo
0%
llueven
0%
low
0%
mama
0%
Mamando
0%
Mercede
0%
meta
0%
mía
0%
morfina
0%
Olimpus
0%
one
0%
ova
0%
parking
0%
pasó
0%
pilot
0%
pinta
0%
porno
0%
Pro
0%
procede
0%
puse
0%
receta
0%
rede
0%
responde
0%
rompértela
0%
rompo
0%
sabe
0%
Sabes
0%
santa
0%
Sauceboy
0%
soga
0%
Spic
0%
stylow
0%
tanto
0%
tenía
0%
Tesla
0%
tetas
0%
texteo
0%
toa
0%
toma
0%
Tools
0%
tres
0%
upsi
0%
vine
0%
vuelta
0%
Wagon
0%
No se encontraron pruebas coincidentes
Distribución de puntuación
Porcentaje de gente con cada puntuación
Porcentaje por número respondido
Historial de tus puntuaciones
No has intentado esta prueba.